000 00627nam a2200217Ia 4500
003 IIN
005 20240209161453.0
008 231217s9999 xx 000 0 und d
020 _cRs.500.00
_a9789351292494
040 _aIIN
_bEnglish
082 _a610.28
_bBHO
100 1 _a Bhowmik, A
245 1 0 _aA First Handbook of Medical Instruments /
_cA. Bhowmik & G. Chatterjee
250 _a 3rd ed
260 _aNew Delhi :
_bWolters Kluwer,
_c2021
300 _aviii, [3] 4-382 p.
650 _aMedical Surgical
650 _aMedical instruments and apparatus
_vSafety regulations
700 1 _aChatterjee, G.
942 _cBOOK
999 _c21
_d21